E-content : (Record no. 175266)

000 -LEADER
fixed length control field 00598 a2200193 4500
003 - CONTROL NUMBER IDENTIFIER
control field Nust
005 - DATE AND TIME OF LATEST TRANSACTION
control field 20170207152500.0
010 ## - LIBRARY OF CONGRESS CONTROL NUMBER
LC control number 2005924147
020 ## - INTERNATIONAL STANDARD BOOK NUMBER
International Standard Book Number 354025093X (hbk.)
035 ## - SYSTEM CONTROL NUMBER
System control number (OCoLC)ocm60519844
040 ## - CATALOGING SOURCE
Transcribing agency Nust
082 00 - DEWEY DECIMAL CLASSIFICATION NUMBER
Classification number 384.3094
245 00 - TITLE STATEMENT
Title E-content :
Remainder of title technologies and perspectives for the European market /
Statement of responsibility, etc. Peter A. Bruck ... [et al.] (editors).
260 ## - PUBLICATION, DISTRIBUTION, ETC.
Place of publication, distribution, etc. Berlin ;
-- New York :
Name of publisher, distributor, etc. Springer,
Date of publication, distribution, etc. c2005.
300 ## - PHYSICAL DESCRIPTION
Extent xii, 244 p. :
Other physical details ill. ;
Dimensions 25 cm.
650 #0 - SUBJECT ADDED ENTRY--TOPICAL TERM
Topical term or geographic name entry element Computer network resources
Geographic subdivision Europe.
650 #0 - SUBJECT ADDED ENTRY--TOPICAL TERM
Topical term or geographic name entry element Internet industry
Geographic subdivision Europe.
700 1# - ADDED ENTRY--PERSONAL NAME
Personal name Bruck, Peter A.
Dates associated with a name 1950-
942 ## - ADDED ENTRY ELEMENTS (KOHA)
Koha item type Reference
Holdings
Withdrawn status Lost status Source of classification or shelving scheme Damaged status Not for loan Collection code Permanent Location Current Location Date acquired Total Checkouts Full call number Barcode Date last seen Price effective from Koha item type
            Military College of Signals (MCS) Military College of Signals (MCS) 12/12/2016   384.3094 ECO MCS323331 12/08/2016 12/12/2016 Book
© 2023 Central Library, National University of Sciences and Technology. All Rights Reserved.